Hunger Games: Odd One Out Quiz Stats

Quiz Updated Nov 20, 2014

Challenge
Share
Tweet
Embed
Score 0/10 Timer 03:00
0 Plays Today
Choices Odd One Out % Correct
Katniss, Haymitch, Finnick, Peeta???
88.8%
Sharks, Blood, Monkeys, Fog???
87.4%
Johanna, Snow, Lyme, Beetee???
85%
Caesar, Plutarch, Coin, Claudius???
80%
Rue, Marvel, Foxface, Chaff???
74.7%
Haymitch, Mags, Effie, Brutus???
68.2%
Enobaria, Cato, Gloss, Thresh???
63.8%
Glimmer, Thresh, Foxface, Cato???
61.1%
Portia, Venia, Flavius, Octavia???
59.5%
Cressida, Annie, Castor, Katniss???
53.4%

You're not logged in!

Compare scores with friends on all Sporcle quizzes.
Join for Free
OR
Log In

You Might Also Like...

Show Comments

Extras

Top Quizzes Today


Score Distribution

Your Account Isn't Verified!

In order to create a playlist on Sporcle, you need to verify the email address you used during registration. Go to your Sporcle Settings to finish the process.

Report this User

Report this user for behavior that violates our Community Guidelines.

Details: